10 najlepszych piłkarzy mężczyzn na świecie 2024 - Sudden Death - Statystyki

Ogólne statystyki
  • Ten quiz został rozwiązany 60 razy
  • Średni wynik to 5 z 10
Answers on the Grid
Answers color-coded by a green-red scale on the quiz's grid according to % correct below.
Robert Lewandowski Barcelona
Jude Bellingham Real Madrid
Emiliano Martínez Aston Villa
Harry Kane Bayern Munchen
Dani Carvajal Real Madrid
Florian Wirtz Bayer Leverkusen
Raphinha Barcelona
Lamine Yamal Barcelona
Vinícius Júnior Real Madrid
Lautaro Martínez Inter
Ademola Lookman Atalanta
Kylian Mbappé Real Madrid
Antonio Rüdiger Real Madrid
Rodri Manchester City
Erling Haaland Manchester City
 
Statystyki odpowiedzi
Odpowiedź % Poprawnych
Jude Bellingham Real Madrid
75%
Lamine Yamal Barcelona
63%
Vinícius Júnior Real Madrid
63%
Dani Carvajal Real Madrid
50%
Florian Wirtz Bayer Leverkusen
50%
Rodri Manchester City
50%
Erling Haaland Manchester City
38%
Harry Kane Bayern Munchen
38%
Kylian Mbappé Real Madrid
38%
Lautaro Martínez Inter
38%
Nie znaleziono quizów pasujących do podanych kryteriów
Rozkład punktacji
Procent ludzi z każdym wynikiem
Percentyl według liczby udzielonych odpowiedzi
Twoja historia wyników
Nie rozwiązałeś tego quizu